Statistics for Total Drama Action Eliminations

Click here to take the quiz!

General Stats

  • This quiz has been taken 42 times
  • The average score is 14 of 17

Answer Stats

RankContestant% Correct
16Bridgette
96%
16Geoff
96%
15E-Scope
96%
14Trent
96%
13Gwen
96%
2Duncan
80%
3Courtney
80%
1Beth
80%
8Leshawna
76%
7Justin
76%
11Izzy
76%
3Owen
76%
12DJ
76%
9Heather
76%
6Lindsay
72%
5Harold
72%
10Owen
68%

Score Distribution

Percentile by Number Answered

Percent of People with Each Score

Your Score History

You have not taken this quiz